| 000 | 00718nam a22002057a 4500 | ||
|---|---|---|---|
| 999 |
_c20580 _d20580 |
||
| 003 | AR-CdUCM | ||
| 008 | 190531b ||||| |||| 00| 0 spa d | ||
| 040 |
_aMUNICIPALIDAD PROVINCIAL DEL CUSCO _cBIBLIOTECA MUNICIPAL DEL CUSCO |
||
| 041 | _hfra | ||
| 082 |
_a843 / _bL22 _22ed. |
||
| 100 |
_aLamartine, Alfonso de _927644 |
||
| 245 | _aRafael / | ||
| 260 |
_aBuenos aires : _bSopena, _c1946. |
||
| 300 |
_a154 páginas ; _c23 cm. |
||
| 505 | _aContenido: No fue este el verdadero nombre del amigo -- Páginas de los veinte años -- Hay sitios, climas, estaciones, horas... | ||
| 650 |
_aNovela francesa _92590 |
||
| 700 |
_aCunchillos, Santiago (traductor) _943021 |
||
| 942 |
_2ddc _cLIBROS |
||
| 945 | _aJavier | ||